000
00193 a2200097 4500
001
10909
100
_a
Kimble, G.
245
_a
Psychology
260
_a
_b
ronald Press
_c
090
_c
8480
_d
8480
942
_a
NUST-CAE
_c
M
_c
35245
999
_c
245982
_d
245982